Städte Amerikas - Sudden Death - Statistiken

Allgemein
  • Dieses Quiz wurde 320 mal gespielt
  • Das Durchschnittsergebnis liegt bei 10 aus 20
Answers on the Grid
Answers color-coded by a green-red scale on the quiz's grid according to % correct below.
Goiania
Cochabamba
Adelaide
San Jose
Surabaya
Boulder
Blackpool
Stafford
Calgary
Santa Cruz de la Sierra
San Antonio
Santander
Albany
Gijon
Barranquilla
Huelva
Derby
Tegucigalpa
Fes
Tucson
Nashville
York
Medellin
Bilbao
Sao Paulo
Braga
Santo Domingo
Montevideo
Dundee
Monterrey
Lagos
Belo Horizonte
Leeds
Montreal
Valladolid
Belmopan
 
Antwortstatistiken
Antwort % Korrekt
San Jose
78%
Nashville
70%
San Antonio
62%
Montreal
61%
Sao Paulo
59%
Montevideo
57%
Calgary
52%
Tucson
52%
Albany
51%
Santo Domingo
50%
Tegucigalpa
49%
Belo Horizonte
48%
Medellin
46%
Monterrey
43%
Santa Cruz de la Sierra
41%
Barranquilla
38%
Cochabamba
36%
Belmopan
34%
Boulder
27%
Goiania
24%
Keine übereinstimmenden Quizze gefunden
Verteilung der Resultate
Anzahl Personen mit jedem Resultat
Perzentil nach korrekt beantworteten Fragen
Ihre Resultats-Entwicklung
Sie haben dieses Quiz noch nicht gespielt